Double Letter Blitz Quiz Stats

 Plays Quiz Updated Apr 4, 2017

Support Sporcle.
Go Orange.
Score 0/40 Timer 05:00
7 Plays Today
Category Answer % Correct
Seven DwarfsSneezy...
89.9%
Winnie-the-Pooh FriendEeyore...
82.9%
US StateHawaii...
80.6%
SeasonSummer...
80.5%
Written Numbers 1-10Three
77.3%
Punctuation MarkComma...
76.4%
ApeGorilla...
76.1%
Deadly SinGluttony...
76%
Orchestra SectionWoodwind...
71.5%
US President (Surname)Jefferson...
70.1%
MarsupialPossum...
69.2%
European CountryAndorra...
66.3%
Simpsons Family MemberMaggie...
65.2%
Flintstones Character (First Name)Pebbles...
63.8%
James Bond ActorSean Connery...
62.7%
Shakespeare PlayOthello...
61.7%
Greek LetterGamma...
61.2%
Clue/Cluedo RoomBallroom...
60%
Walt Disney Animated ClassicThe Jungle Book...
58.7%
Hogwarts HouseGryffindor...
56.9%
Category Answer % Correct
Friends SurnameGeller...
54.7%
(Planetary) SatelliteCressida...
51.7%
Book of the New TestamentMatthew...
47.8%
English Monarch (since 1066)Anne...
47.4%
Beatles Studio AlbumAbbey Road...
46.5%
African CountryCameroon...
46.3%
US State CapitalTallahassee...
43.1%
Zodiac SignSagittarius
42.6%
Human BonePatella...
40.7%
NFL TeamBuccaneers...
40%
ElementYttrium...
37.3%
Pixar MovieWALL-E...
36.7%
Australian StateQueensland
35.5%
Oceania CountryMarshall Islands
30.4%
Star Wars MovieAttack of the Clones
25.4%
North American CountrySaint Kitts and Nevis
24.8%
Winter Olympic CityInnsbruck...
23.9%
Five Letter World CapitalAmman...
15.9%
One Word Best Picture (Oscars)Platoon...
13.9%
Book of Old TestamentHaggai...
12.3%

You're not logged in!

Compare scores with friends on all Sporcle quizzes.
OR
Log In

From the Vault

6-Letter Country 'Blitz'

by manonthemoon

This quiz will give you fits if you don't have the wits to handle this blitz.
Remove Ads.
Support Sporcle.
Get the best of Sporcle when you Go Orange. This ad-free experience offers more features, more stats, and more fun while also helping to support Sporcle. Thank you for becoming a member.

Show Comments

Extras

Top Quizzes Today


Score Distribution

Your Account Isn't Verified!

In order to create a playlist on Sporcle, you need to verify the email address you used during registration. Go to your Sporcle Settings to finish the process.

Report this User

Report this user for behavior that violates our Community Guidelines.

Details: